Can you name the 6 star wars films in less than a minute? - Statistics

General Stats
  • This quiz has been taken 2,952 times
  • The average score is 5 of 6
Answer Stats
Hint Answer % Correct
4 A New Hope
94%
3 Revenge of the Sith
93%
6 Return of the Jedi
90%
2 Attack of the Clones
89%
5 Empire Strikes Back
87%
1 Phantom Menace
86%
No matching quizzes found
Score Distribution
Percent of People with Each Score
Percentile by Number Answered
Your Score History
You have not taken this quiz